000 00467nam a22001457a 4500
999 _c7754
_d7752
005 20210324161109.0
008 210324b ||||| |||| 00| 0 eng d
082 _a345.408 23
100 _aMANOHAR AND CHITALEY
_96503
245 _aTHE AIR MANUAL CIVIL AND CRIMINAL [DRUGS AND COSMETICS ACT[1940] TO ESSENTIAL COMMODITIES ACT [1955] SECTION-3 [VOL-21]
260 _aNAGPUR
_bTHE ALL INDIA REPORTER PVT. LTD.
300 _a1342,p
650 _aLAW
_95701
942 _cJRL